| 000 | 00525 a2200157 4500 | ||
|---|---|---|---|
| 999 |
_c4722 _d4722 |
||
| 020 | _a9781558605800 | ||
| 050 | _aQA76.9O'NE 2001 | ||
| 100 |
_aO'Neil, Patrick _eauthor |
||
| 245 |
_aDatabase principles, programming, and performance / _cPatrick O'Neil, Elizabeth O'Neil. |
||
| 264 |
_aSan Francisco : _bMorgan Kaufmann Publishers, _c2001. |
||
| 300 | _axxiv, 870 pages : illustrations ; 23 cm | ||
| 500 | _alncludes index | ||
| 650 | _aDatabase management. | ||
| 700 | _aElizabeth O'Neil. | ||
| 942 |
_2lcc _cBK _h76.9 _iO'NE _kQA |
||